Metallica - Creeping Death - Statistics

General Stats
  • This quiz has been taken 90 times
  • The average score is 35 of 45
Answer Stats
Hint Answer % Correct
I´m ___ Death Creeping
95%
I´m Creeping ___ Death
92%
So let it be ___ done
92%
So let it be ___ done
92%
So let it be ___ done
92%
So let it be ___ done
92%
So let it be ___ done
92%
So let it be ___ done
92%
Live in ___ fear
92%
To kill the first born pharaoh ___ son
92%
To kill the first born pharaoh ___ son
92%
So let it be ___ written
90%
So let it be ___ written
90%
So let it be ___ written
90%
So let it be ___ written
90%
So let it be ___ written
90%
So let it be ___ written
90%
___ first-born men Killing
89%
I creep ___ the land across
88%
I´m sent here by the ___ one chosen
88%
To kill the ___ ___ pharaoh son first born
88%
___, by my hand Die
86%
To the ___ pharaoh
86%
I´m ___ ____ Creeping Death
85%
Im sent here by the choosen ___ one
84%
Wait, ___ must be done something
84%
___ houndred years Four
81%
Bush of ___ fire
78%
Down the ___ Nile
77%
___, running red and strong Blood
75%
Slaves, ___ born to serve hebrews
73%
___, let my people go Now
73%
I´m ___ here by the chosen one sent
73%
I, rule the ___ air, the destroyer midnight
71%
Faith, of the ___ one, the deliverer unknown
70%
___, to his every word Heed
68%
I ___ pass shall
67%
Go, I will be with ___ thee
62%
Land of ___ Goshen
58%
Born, i shall soon be there, ___ mass deadly
53%
___ darkness Final
53%
___ to fire Hail
53%
Plauge, ___ three days long darkness
42%
I, creep the __ and floor steps
42%
Blood, ___ blood, painted door lambs
32%
No matching quizzes found
Score Distribution
Percent of People with Each Score
Percentile by Number Answered
Your Score History
You have not taken this quiz